| 000 | 00554nam a2200145Ia 4500 | ||
|---|---|---|---|
| 008 | 220216s9999 xx 000 0 und d | ||
| 100 | _aArokiaraj P | ||
| 245 | 0 | _aSequence characterisation of homeobox gene isolated from the cambium xylem tissue of Hevea brasiliensis | |
| 260 | _bBiotechnology and Rubber Tree : Proceedings of IRRDB Symposium 25-28 September 2001. CIRAD-CP/Rubber Programme, Montpellier, France | ||
| 650 | _aHevea brasiliensis | ||
| 650 | _aHomeobox gene | ||
| 650 | _aSequence characterisation | ||
| 700 | _aJones H | ||
| 942 | _cJS | ||
| 999 |
_c68609 _d68609 |
||